| 000 | 00469nam a2200157 i 4500 | ||
|---|---|---|---|
| 001 | 104738 | ||
| 003 | ES-MaACL | ||
| 005 | 20230906183657.0 | ||
| 007 | t| | ||
| 008 | 051212s1946 sp ||||1| spa d | ||
| 100 | 1 |
_aMiralles Gaona, Claudio. _981500 |
|
| 245 | 1 | 0 |
_aLibertad... y arte _b: (ensayos) / _cClaudio Miralles Gaona. |
| 260 |
_aMadrid : _bAfrodisio Aguado, _c1946. |
||
| 300 |
_a104 p., 1 lám. ret. aut. ; _c17 cm. |
||
| 852 |
_aES-MaACL _jB-10507 _bR.22763 |
||
| 999 |
_c104738 _d104738 |
||